ბათუმის შოთა რუსთაველის სახელმწიფო უნივერსიტეტის ბიბლიოთეკა

თბილისი აჭარაში. (ბიბ.ჩანაწერი № 41812)

000 -LEADER
fixed length control field 00766nam a2200229Ia 4500
001 - CONTROL NUMBER
control field 8495
003 - CONTROL NUMBER IDENTIFIER
control field GE_BSU
008 - FIXED-LENGTH DATA ELEMENTS--GENERAL INFORMATION
fixed length control field 181216s||||||||xx |||||||||||||| ||und||
040 ## - CATALOGING SOURCE
Transcribing agency GE_BSU
080 ## - UNIVERSAL DECIMAL CLASSIFICATION NUMBER
Universal Decimal Classification number 008(479.22)
100 ## - MAIN ENTRY--PERSONAL NAME
Personal name ზამბახიძე,ანზორ.
245 ## - TITLE STATEMENT
Title თბილისი აჭარაში.
245 ## - TITLE STATEMENT
Remainder of title თბილისის დღეები აჭარაში.
245 ## - TITLE STATEMENT
Statement of responsibility, etc. რედ:ნ.გუგუნავა.
260 ## - PUBLICATION, DISTRIBUTION, ETC.
Place of publication, distribution, etc. ბათუმი.
260 ## - PUBLICATION, DISTRIBUTION, ETC.
Name of publisher, distributor, etc. საბჭ.აჭარა.
260 ## - PUBLICATION, DISTRIBUTION, ETC.
Date of publication, distribution, etc. 1981.
300 ## - PHYSICAL DESCRIPTION
Extent 159გვ;ილ;21სმ.
653 ## - INDEX TERM--UNCONTROLLED
Uncontrolled term თბილისი აჭარაში.
653 ## - INDEX TERM--UNCONTROLLED
Uncontrolled term თბილისის დღეები აჭარაში.
942 ## - ADDED ENTRY ELEMENTS (KOHA)
Koha item type წიგნი
ეგზემპლარები
Withdrawn status Lost status Damaged status Not for loan Date acquired Barcode Date last seen Price effective from Koha item type
        2018-12-17 30923 2018-12-17 2018-12-17 წიგნი
        2018-12-17 30924 2018-12-17 2018-12-17 წიგნი
        2018-12-17 30925 2018-12-17 2018-12-17 წიგნი
        2018-12-17 30926 2018-12-17 2018-12-17 წიგნი
        2018-12-17 30927 2018-12-17 2018-12-17 წიგნი